Index Dictionary (Record no. 4578)

MARC details
000 -CABECERA
campo de control de longitud fija 00874nam a2200253 a 4500
001 - NÚMERO DE CONTROL
campo de control BRCA_4884
005 - FECHA Y HORA DE LA ÚLTIMA TRANSACCIÓN
campo de control 20190320204838.0
008 - DATOS DE LONGITUD FIJA--INFORMACIÓN GENERAL
campo de control de longitud fija 151010c1980----it-af#####---#000-0#eng-#
041 ## - CÓDIGO DE LENGUA
Código de lengua del texto/banda sonora o título independiente eng
044 ## - CÓDIGO DEL PAÍS DE LA ENTIDAD EDITORA/PRODUCTORA
Código MARC del país it
050 #4 - SIGNATURA TOPOGRÁFICA DE LA BIBLIOTECA DEL CONGRESO
Número de clasificación NK33
Número de documento/Ítem .I53 1980
245 10 - MENCIÓN DE TÍTULO
Título Index Dictionary
Mención de responsabilidad, etc. Translation by Richard McKeon Sadleir ; photographs by Sergio Anelli and Bruno Balestrini.
260 ## - PUBLICACIÓN, DISTRIBUCIÓN, ETC.
Lugar de publicación, distribución, etc. Italia
Nombre del editor, distribuidor, etc. Electa
Fecha de publicación, distribución, etc. 1980
300 ## - DESCRIPCIÓN FÍSICA
Extensión 333 p.
Otras características físicas il. (algunas a color)
Dimensiones 31 cm.
440 #0 - MENCIÓN DE SERIE/PUNTO DE ACCESO ADICIONAL--TÍTULO
Título Banca Nacionale del Lavoro
9 (RLIN) 12375
500 ## - NOTA GENERAL
Nota general Colección Sonia Corcuera de Mancera
650 14 - PUNTO DE ACCESO ADICIONAL DE MATERIA--TÉRMINO DE MATERIA
Término de materia o nombre geográfico como elemento de entrada Pintores
Subdivisión de forma Diccionarios
Subdivisión geográfica Italia
9 (RLIN) 12376
650 14 - PUNTO DE ACCESO ADICIONAL DE MATERIA--TÉRMINO DE MATERIA
Término de materia o nombre geográfico como elemento de entrada Escultura y arquitectura
Subdivisión de forma Índices y diccionarios
Subdivisión geográfica Italia
9 (RLIN) 12377
700 1# - PUNTO DE ACCESO ADICIONAL--NOMBRE DE PERSONA
Nombre de persona McKeon Sadleir, Richard
Término indicativo de función/relación Traductor
9 (RLIN) 12378
700 1# - PUNTO DE ACCESO ADICIONAL--NOMBRE DE PERSONA
Nombre de persona Anelli, Sergio
Término indicativo de función/relación Fotógrafo
9 (RLIN) 12379
700 1# - PUNTO DE ACCESO ADICIONAL--NOMBRE DE PERSONA
Nombre de persona Balestrini, Bruno
9 (RLIN) 12380
902 ## - CATALOGADOR
Iniciales DSC
942 ## - ELEMENTOS DE PUNTO DE ACCESO ADICIONAL (KOHA)
Fuente del sistema de clasificación o colocación Library of Congress Classification
Tipo de ítem Koha Libros
Holdings
Estado de retiro Estado de pérdida Estado dañado No para préstamo Localización permanente Ubicación/localización actual Fecha de adquisición Total de préstamos Signatura topográfica completa Código de barras Fecha visto por última vez Precio válido a partir de Tipo de ítem Koha
El ejemplar forma parte de la colección y puede ser consultado según las políticas vigentes.       Biblioteca del Museo Franz Mayer (Rogerio Casas-Alatriste) Biblioteca del Museo Franz Mayer (Rogerio Casas-Alatriste) 15/10/2010   NK33 .I53 1980 REF00399 22/03/2019 22/03/2019 Libros